000 00510nam a2200193Ia 4500
008 240510s9999 xx 000 0 und d
020 _a0000201064626
041 _aEng
082 _a004
082 _bS18
100 _aSAVAGE, John E : MAGIDSON, Susan : STEIN, Alex M.
245 4 _aThe mystical machine issues and ideas in computing
260 _bAddison - Wesley , Reading, Mass
260 _c1986
300 _a407 p.
650 _aData processing : Computers
942 _2ddc
942 _cLBK
999 _c24883
_d24883
945 _a1
_bMadushi Gamage
_c1
_dMadushi Gamage